header

Arbitration law and practice in Kenya / (Record no. 136975)

MARC details
000 -LEADER
fixed length control field 01541nam a2200361 i 4500
001 - CONTROL NUMBER
control field ebr11040232
003 - CONTROL NUMBER IDENTIFIER
control field CaPaEBR
006 - FIXED-LENGTH DATA ELEMENTS--ADDITIONAL MATERIAL CHARACTERISTICS--GENERAL INFORMATION
fixed length control field m o d
007 - PHYSICAL DESCRIPTION FIXED FIELD--GENERAL INFORMATION
fixed length control field cr cn|||||||||
008 - FIXED-LENGTH DATA ELEMENTS--GENERAL INFORMATION
fixed length control field 150417r20132011ke o 000 0 eng d
020 ## - INTERNATIONAL STANDARD BOOK NUMBER
Cancelled/invalid ISBN 9789966031143
International Standard Book Number 9789966031532 (e-book)
040 ## - CATALOGING SOURCE
Original cataloging agency CaPaEBR
Language of cataloging eng
Description conventions rda
-- pn
Transcribing agency CaPaEBR
043 ## - GEOGRAPHIC AREA CODE
Geographic area code f-ke---
050 14 - LIBRARY OF CONGRESS CALL NUMBER
Classification number KSK3760
Item number .A73 2013eb
082 04 - DEWEY DECIMAL CLASSIFICATION NUMBER
Classification number 347.6762013
Edition number 23
245 00 - TITLE STATEMENT
Title Arbitration law and practice in Kenya /
Statement of responsibility, etc Githu Muigai, editor.
264 #1 - PRODUCTION, PUBLICATION, DISTRIBUTION, MANUFACTURE, AND COPYRIGHT NOTICE
Place of production, publication, distribution, manufacture Nairobi, Kenya ;
-- Dar-es-Salaam, Tanzania ;
-- Kampala, Uganda :
Name of producer, publisher, distributor, manufacturer LawAfrica,
Date of production, publication, distribution, manufacture, or copyright notice 2013.
Date of production, publication, distribution, manufacture, or copyright notice �2011
300 ## - PHYSICAL DESCRIPTION
Extent 1 online resource (244 pages)
336 ## - CONTENT TYPE
Content type term text
Source rdacontent
337 ## - MEDIA TYPE
Media type term computer
Source rdamedia
338 ## - CARRIER TYPE
Carrier type term online resource
Source rdacarrier
588 ## - SOURCE OF DESCRIPTION NOTE
Source of description note Description based on print version record.
590 ## - LOCAL NOTE (RLIN)
Local note Electronic reproduction. Palo Alto, Calif. : ebrary, 2015. Available via World Wide Web. Access may be limited to ebrary affiliated libraries.
650 #0 - SUBJECT ADDED ENTRY--TOPICAL TERM
Topical term or geographic name as entry element Arbitration and award
Geographic subdivision Kenya.
Topical term or geographic name as entry element Arbitration agreements, Commercial
Geographic subdivision Kenya.
655 #0 - INDEX TERM--GENRE/FORM
Genre/form data or focus term Electronic books.
700 1# - ADDED ENTRY--PERSONAL NAME
Personal name Muigai, Githu,
Relator term editor.
776 08 - ADDITIONAL PHYSICAL FORM ENTRY
Display text Print version:
Title Arbitration law and practice in Kenya.
Place, publisher, and date of publication Nairobi, Kenya ; Dar-es-Salaam, Tanzania ; Kampala, Uganda : LawAfrica, 2013, c2011
Physical description xxx, 209 pages
International Standard Book Number 9789966031143
Record control number 2012311694
797 2# - LOCAL ADDED ENTRY--CORPORATE NAME (RLIN)
Corporate name or jurisdiction name as entry element ebrary.
856 40 - ELECTRONIC LOCATION AND ACCESS
Uniform Resource Identifier <a href="http://site.ebrary.com/lib/rucke/Doc?id=11040232">http://site.ebrary.com/lib/rucke/Doc?id=11040232</a>
Public note An electronic book accessible through the World Wide Web; click to view

No items available.

© 2026 Rongo University
Contact us: librarian | system librarian | Rongo university